Kabale University Library Catalogue

Normal view MARC view
  • Savage, C. Wade

Entry Personal Name

Number of records used in: 1

001 - CONTROL NUMBER

  • control field: 14993

003 - CONTROL NUMBER IDENTIFIER

  • control field: OSt

005 - DATE AND TIME OF LATEST TRANSACTION

  • control field: 20260202150557.0

008 - FIXED-LENGTH DATA ELEMENTS

  • fixed length control field: 260202|| aca||aabn | a|a d

040 ## - CATALOGING SOURCE

  • Original cataloging agency: OSt
  • Transcribing agency: OSt

100 ## - HEADING--PERSONAL NAME

  • Personal name: Savage, C. Wade

670 ## - SOURCE DATA FOUND

  • Source citation: Work cat.: (OSt)5942: Savage, C. Wade., The measurement of sensation;, c1970.

Kabale University Library | Kabale University P.O Box 317, Kabale, Uganda
Tel : +256754017033, +256774661503 E-mail : library@kab.ac.ug